000 01853nam a2200409 c 4500
100 1 _aАрнаудов, Михаил Петров
_933558
999 _c183467
_d183467
003 BLK
005 20240313005507.0
008 180411b bul|||||r ||||||| ||bul||
010 _aKNG00192399000
040 _aBLK
041 _aBUL
_cBUL
072 7 _2bullib
_aА
_xФонд Михаил Арнаудов
080 _b949.72.04/.05
_x(092)
_z949.72.04/.05(092)
080 _aБългарски политик (министър) и учен (географ, историк, академик на БАН)
_b929 Кънчов, Васил Иванов
_z929 Кънчов, Васил Иванов
139 _aАрнаудов, Михаил Петров
_bА 87
245 1 0 _aВасил Кънчов и неговите пътувания по Македония
_cМихаил Петров Арнаудов.
257 _aBGR
260 _c1927
300 _a41 с.
_c22 см
380 _a9
490 _9396381
_aЧастна колекция - Академик Михаил Арнаудов
_gДарение - Основен фонд
500 _aОтд. отпеч. -Задраскано заглавие на кор. и на загл. с. ; бележки по полетата, поправки в текста и подчертаване (120000820151). - Мека подв.
600 1 4 _aКънчов, Васил Иванов
_986461
650 4 _aИсторици, български
_9245243
653 _aбългарски учени
653 _aисторици
653 _aВасил Кънчов
659 _aА
852 _aМА 66
856 4 _qpdf
856 4 _qpdf
942 _cKNG
_n0
_s1
944 _aCR
_c11.10.2016
_k
_lCRON CRON
944 _aED
_c11.10.2016
_kГеновева_Генчева
999 _d183467